Vojensko-politický slovník

Uložené v:
Podrobná bibliografia
Hlavný autor: Mikulín, Antonín
Médium: Kniha
Jazyk:Czech
Vydavateľské údaje: Praha Naše vojsko 1987
Vydanie:1. vyd.
Tagy: Pridať tag
Žiadne tagy, Buďte prvý, kto otaguje tento záznam!

MARC

LEADER 00000nam a2200000 4500
001 c040751
005 20221206140444.4
041 0 |a cze 
044 |a CZ 
245 1 0 |a Vojensko-politický slovník  |c Antonín Mikulín 
250 |a 1. vyd. 
264 1 |a Praha  |b Naše vojsko  |c 1987 
300 |a 336 s. 
100 1 |a Mikulín, Antonín